| 000 | 00000nam 2200000za 4500 |
| 001 | 9.644385 |
| 003 | CaOODSP |
| 005 | 20240314152355 |
| 007 | cr ||||||||||| |
| 008 | 150407|2011||||xxc|||||o f|0| 0 fre d |
| 040 | |aCaOODSP|bfre |
| 043 | |an-cn--- |
| 086 | 1 |aPS4-82/2011F-PDF |
| 110 | 1 |aCanada. |bSécurité publique Canada. |
| 245 | 10|aPlan fédéral d'intervention d'urgence |h[ressource électronique] |
| 260 | |bSécurité publique Canada |cJanvier 2011. |
| 300 | |a62p.|bglossaire, organigrammes, tableaux |
| 500 | |a« Le présent plan a été élaboré par le gouvernement du Canada en consultation avec les partenaires et les intervenants concernés. Conformément à la Politique sur la sécurité du gouvernement, le plan ne peut être distribué à moins d'obtenir l'autorisation expresse de Sécurité publique Canada. Le présent document est non classifié »--Couverture. |
| 590 | |a15-05-Supp|b2015-03-31 |
| 691 | 07|aProtection civile|2gcpds |
| 775 | 08|tFederal Emergency Response Plan |w(CaOODSP)9.700501 |
| 795 | |tPlan fédéral d'intervention d'urgence |w(CaOODSP)9.637281 |
| 856 | 40|ahttp://publications.gc.ca|qPDF|s423 Ko|uhttps://publications.gc.ca/collections/collection_2015/sp-ps/PS4-82-2011-fra.pdf |